000 00970na a2200289 4500
001 23051
003 MIRAKIL
005 20181213154915.0
008 170516b tu 000 0
020 _a9786050918458
040 _aMilas
_btur
_cTR-AnCHP
041 _atur
082 _a364.131
_bÖ97b 2014
090 _a364.131 Ö97b 2014
100 _aÖztürk, Saygı
245 _aBalyoz'da kumpas
_bBelgelerle balyoz davası ve sonrası
_cSaygı Öztürk
246 _aBelgelerle balyoz davası ve sonrası
260 _aİstanbul
_bDoğan Kitap
_c2014
_fAyhan matbaa basım sanayi
300 _a253 s.
_bfotğ.
_c23 sm.
650 _aSilahlı Kuvvetler
_xSiyasi Faaliyetler
_yTürkiye
650 _aDavalar (Siyasal suçlar)
_xBalyoz Davası
650 _aSiyasal suçlar
_xTürkiye
_y21. yüzyıl
651 _aTürkiye
_xTarih
651 _aTürkiye
_xSiyaset ve yönetim
_y21. yüzyıl
740 _aBelgelerle balyoz davası ve sonrası
942 _2dcc
_cBKS
999 _c2972
_d2972